HUMAN ANATOMY:REGIONAL AND APPLIED DISSECTION AND CLINICAL (Record no. 216059)

MARC details
000 -LEADER
fixed length control field 00620nam a22001817a 4500
008 - FIXED-LENGTH DATA ELEMENTS--GENERAL INFORMATION
fixed length control field 250901b |||||||| |||| 00| 0 eng d
020 ## - INTERNATIONAL STANDARD BOOK NUMBER
International Standard Book Number 978-81239-1157-2
050 ## - LIBRARY OF CONGRESS CALL NUMBER
Classification number QM 23 . C 354 2004 V. 3
Item number 4
100 ## - MAIN ENTRY--PERSONAL NAME
Personal name CHAURAISIA, B . D
245 ## - TITLE STATEMENT
Title HUMAN ANATOMY:REGIONAL AND APPLIED DISSECTION AND CLINICAL
250 ## - EDITION STATEMENT
Edition statement 4
260 ## - PUBLICATION, DISTRIBUTION, ETC.
Place of publication, distribution, etc. NEW DELHI,
Name of publisher, distributor, etc. CBS PUBLISHERS & DISTRIBUTORS,
Date of publication, distribution, etc. 2004,
300 ## - PHYSICAL DESCRIPTION
Extent XVi, 415 P, ILL
500 ## - GENERAL NOTE
General note INCLUDES BIBLIOGRAPHICAL REFERENCES AND INDEX
650 ## - SUBJECT ADDED ENTRY
Topical term or geographic name entry element Anatomy, Surgical and topographical Arm Anatomy, Brain Anatomy, Chest Anatomy
942 ## - ADDED ENTRY ELEMENTS (KOHA)
Source of classification or shelving scheme Library of Congress Classification
Koha item type Long Loan Book
Holdings
Withdrawn status Lost status Source of classification or shelving scheme Damaged status Not for loan Collection Home library Current library Shelving location Date acquired Inventory number Total checkouts Full call number Barcode Date last seen Copy number Price effective from Koha item type
    Library of Congress Classification     Medicine Kisii University Library Kisii University Library On Display 09/01/2025 24879   QM 23 . C 354 2004 V. 3 033233 09/01/2025 4 09/01/2025 Long Loan Book